Nový AML balíček možná nebude tak horký, jak se zdá
Európska komisia a súhrn návrhov smerujúcich k rekodifikácii európskeho právneho rámca AML/CFT opatrení. Návrh nariadení o predchádzaní využívania finančného systému k praniu špinavých peňazí alebo financovania terorizmu (AML nariadenie). Návrh nariadení, ktorým sa zriaďuje Orgán pre boj proti prani...
Salvato in:
| Autore principale: | |
|---|---|
| Natura: | Capitolo di libro |
| Lingua: | ceco |
| Soggetti: | |
| Tags: |
Nessun Tag, puoi essere il primo ad aggiungerne!!
|
MARC
| LEADER | 00000naa a2200000 4500 | ||
|---|---|---|---|
| 001 | 0282431 | ||
| 005 | 20240417075156.8 | ||
| 041 | 0 | |a cze | |
| 044 | |a CZ | ||
| 245 | 1 | 0 | |a Nový AML balíček možná nebude tak horký, jak se zdá |c Libor Kazda |
| 520 | |a Európska komisia a súhrn návrhov smerujúcich k rekodifikácii európskeho právneho rámca AML/CFT opatrení. Návrh nariadení o predchádzaní využívania finančného systému k praniu špinavých peňazí alebo financovania terorizmu (AML nariadenie). Návrh nariadení, ktorým sa zriaďuje Orgán pre boj proti praniu špinavých peňazí a financovania terorizmu (nariadenie o AMLA). | ||
| 610 | 2 | 0 | |a úpravy právne |
| 610 | 2 | 0 | |a sektor finančný |
| 610 | 2 | 0 | |a financovanie |
| 610 | 2 | 0 | |a pranie špinavých peňazí |
| 610 | 2 | 0 | |a smernice |
| 610 | 2 | 0 | |a Európska komisia |
| 100 | 1 | |a Kazda, Libor | |